Southville International School and Colleges
Your cart is empty.
  • Cart
  • Lists
    Public lists Eva Luna New books Lux_list list_1
    Your lists Log in to create your own lists
  • Log in to your account
  • Your cookies
  • Search history
Southville International School and Colleges
  • Advanced search
  • Recent comments
  • Most popular
  • Libraries

Log in to your account

Log in with GOOGLE


If you do not have an external account, but do have a local account, you can still log in:

  1. Home
  2. MARC view: Crafting short screenplays that connect /
Normal view MARC view ISBD view

Crafting short screenplays that connect / (Record no. 48660)

[ view plain ]
MARC details
000 -LEADER
fixed length control field 00601nam a2200205Ia 4500
008 - FIXED-LENGTH DATA ELEMENTS--GENERAL INFORMATION
fixed length control field 140321s9999 xx 000 0 und d
020 ## - INTERNATIONAL STANDARD BOOK NUMBER
International Standard Book Number 9780240812144
050 ## - LIBRARY OF CONGRESS CALL NUMBER
Classification number PN 1996
Item number .J62 2009
100 ## - MAIN ENTRY--PERSONAL NAME
Personal name Johnson, Claudia Hunter
245 ## - TITLE STATEMENT
Title Crafting short screenplays that connect /
Statement of responsibility, etc Claudia Hunter Johnson.
250 ## - EDITION STATEMENT
Edition statement 3rd ed.
260 ## - PUBLICATION, DISTRIBUTION, ETC. (IMPRINT)
Place of publication, distribution, etc New York :
Name of publisher, distributor, etc ELSEVIER,
Date of publication, distribution, etc c2014.
300 ## - PHYSICAL DESCRIPTION
Extent 321 p. :
Dimensions 23 cm.
500 ## - GENERAL NOTE
General note Includes bibliographical references and index.
521 ## - TARGET AUDIENCE NOTE
Target audience note
650 ## - SUBJECT ADDED ENTRY--TOPICAL TERM
Topical term or geographic name as entry element Motion picture authorship.
650 ## - SUBJECT ADDED ENTRY--TOPICAL TERM
Topical term or geographic name as entry element Short films.
942 ## - ADDED ENTRY ELEMENTS (KOHA)
Call number prefix Foreign
Koha item type Books
Holdings
Withdrawn status Lost status Source of classification or shelving scheme Damaged status Home library Current library Shelving location Date acquired Source of acquisition Total Checkouts Full call number Barcode Date last seen Price effective from Koha item type
    Library of Congress Classification   Archives Archives   03/21/2014 Donation   PN 1996 .J62 2009 C17943 05/15/2018 03/21/2014 Books

Crafting short screenplays that connect /

APA

Johnson C. H., . (2014). Crafting short screenplays that connect. New York: ELSEVIER.

Chicago

Johnson Claudia Hunter, . 2014. Crafting short screenplays that connect. New York: ELSEVIER.

Harvard

Johnson C. H., . (2014). Crafting short screenplays that connect. New York: ELSEVIER.

MLA

Johnson Claudia Hunter, . Crafting short screenplays that connect. New York: ELSEVIER. 2014.

  • Place hold
  • Print
  • Cite
  • Add to your cart (remove)
  • Save record
    BIBTEX Dublin Core MARCXML MARC (non-Unicode/MARC-8) MARC (Unicode/UTF-8) MARC (Unicode/UTF-8, Standard) MODS (XML) RIS
  • More searches
    Search for this title in:
    Other Libraries (WorldCat) Other Databases (Google Scholar) Online Stores (Bookfinder.com) Open Library (openlibrary.org)

Exporting to Dublin Core...

SOUTHVILLE LIBRARY

Southville International School and Colleges Library

1281 Tropical Ave. Cor. Luxembourg St., BF Homes International, Las Pinas City

Tel. No. 8256374 / 252358 Loc. 117/146

Powered by Koha